000 00650cam a2200217 4500500
005 20260405003536.0
041 _afre
042 _adc
100 1 0 _aLarmagnac-Matheron, Octave
_eauthor
245 0 0 _aTélescope spatial James-Webb : une machine à remonter le temps
260 _c2022.
500 _a42
690 _aEspace
690 _aImage
690 _aObservation
690 _aTemps
690 _aUnivers
690 _aYves Michaud
786 0 _nPhilosophie magazine | 162 | 9 | 2022-09-01 | p. 4-4 | 1951-1787
856 4 1 _uhttps://shs.cairn.info/magazine-philosophie-magazine-2022-9-page-4?lang=fr&redirect-ssocas=7080
999 _c2068534
_d2068534